| Поле | Название | Значение |
| |
Тип записи |
a |
| |
Библиографический уровень |
a |
| 001 |
Контрольный номер |
RU/CBS_UL/BASE/bdc56e79ef5d4c55b3e7390a449d2c55 |
| 005 |
Дата корректировки |
20260325094028.5 |
| 100 |
Данные общей обработки |
__ |
| a |
Данные общей обработки |
20260317 ||| 0rusy0189 ca |
| 101 |
Язык документа |
0_ |
| a |
Язык текста |
rus |
| 102 |
Страна публикации |
__ |
| a |
Страна публикации |
RU |
| 200 |
Заглавие и сведения об ответственности |
1_ |
| a |
Заглавие |
Русские писатели ссорятся |
| e |
Сведения, относящиеся к заглавию |
[Иван Гончаров, Иван Тургенев и "Необыкновенная история" одного плагиата] |
| f |
Первые сведения об ответственности |
М. Хлебников |
| 300 |
Общие примечания |
__ |
| a |
Общие примечания |
12+ |
| 461 |
Уровень набора |
_0 |
| 1 |
|
2000 |
| a |
|
Литературная газета |
| 463 |
Уровень физической единицы |
_0 |
| 1 |
|
2000 |
| a |
|
№ 10 (11-17 март.) |
| v |
|
С. 20-21 ; № 11. - С. 20-21 |
| 1 |
|
2101 |
| d |
|
2026 |
| 1 |
|
001RU/CBS_UL/BASE/59210d3224074e9fbc1d0133f86f52e0 |
| 600 |
Персоналии |
_1 |
| a |
Персоналии (Фамилия) |
Гончаров |
| b |
Персоналии (Имя, инициалы) |
И. А. |
| 600 |
Персоналии |
_1 |
| a |
Персоналии (Фамилия) |
Тургенев |
| b |
Персоналии (Имя, инициалы) |
И. С. |
| 606 |
Тематические рубрики |
0_ |
| a |
Основная рубрика |
Гончаров, Иван Александрович (1812-1891) |
| 606 |
Тематические рубрики |
0_ |
| a |
Основная рубрика |
Тургенев, Иван Сергеевич (1818-1883) |
| 610 |
Ключевые слова |
0_ |
| a |
Ключевые слова |
русские писатели; писатели; прозаики; русское литературоведение; литературоведение; конфликты; конфликты между писателями; плагиат; ссоры |
| 686 |
Индексы других классификаций |
__ |
| a |
Классификационный индекс |
83.3(2Рос=Рус)6 |
| 700 |
Автор |
_1 |
| a |
Фамилия |
Хлебников |
| b |
Имя (инициалы) |
М. |
| 801 |
Источник записи |
_0 |
| a |
Страна |
RU |
| b |
Организация |
МБУК ЦБС г. Ульяновска |
| c |
Дата составления |
20260317 |
| g |
Правила каталогизации |
RCR |
| 801 |
Источник записи |
_1 |
| a |
Страна |
RU |
| b |
Организация |
МБУК ЦБС г. Ульяновска |
| c |
Дата составления |
20260317 |
| g |
Правила каталогизации |
RCR |
| 901 |
Тип документа |
__ |
| t |
Тип документа |
f |
| w |
Контрольный № источника |
RU/CBS_UL/BASE/59210d3224074e9fbc1d0133f86f52e0 |
| 909 |
Создатель записи |
__ |
| a |
Создатель записи |
mbo |